| 000 | 01198nam a2200289 i 4500 | ||
|---|---|---|---|
| 001 | 39997 | ||
| 003 | ES-MaACL | ||
| 005 | 20250730063058.0 | ||
| 007 | t| | ||
| 008 | 030304s1921 fr ||||1| fre d | ||
| 100 | 0 |
_aCarra de Vaux, Bernard, _cBaron _935478 |
|
| 245 | 1 | 4 |
_aLes penseurs de l'Islam / _cBaron Carra de Vaux. |
| 260 |
_aParis : _b[s.n., _c1921] ( _fAndré Brulliard) |
||
| 300 |
_a5 v. ; _c19 cm. |
||
| 505 | 8 | _aContiene: V. I: Les souverains. L'histoire et la philosophie politique. -- V. II: Les geographes. Les Sciences mathematiques et naturelles. -- V. III: L'exeges, la tradition et la jurisprudence. -- V. IV: La ecolastique, la theologie et la mystique. La musique. -- V. V: Les sectes. Le liberalisme moderne | |
| 740 | 4 | _aLes souverains. | |
| 740 | 2 | _aL'histoire et la philosophie politique. | |
| 740 | 4 | _aLes geographes. | |
| 740 | 4 | _aLes sciences mathematiques et naturelles. | |
| 740 | 2 | _aL'exeges, la tradition et la jurisprudence. | |
| 740 | 3 | _aLa ecolastique, la theologie et la mystique. | |
| 740 | 3 | _aLa musique. | |
| 740 | 4 | _aLes sectes. | |
| 740 | 3 | _aLe liberalisme moderne. | |
| 852 |
_aES-MaACL _jF-11377-81 |
||
| 999 |
_c39997 _d39997 |
||